Estudio de flujos de potencia con armónicos utilizando espectros típicos para Costa Rica

সংরক্ষণ করুন:
গ্রন্থ-পঞ্জীর বিবরন
প্রধান লেখক: González Solís, Róger Alonso, 1992-
অন্যান্য লেখক: Valverde Mora, Gustavo Adolfo, 1983- Director de Proyecto Eléctrico
বিন্যাস: গ্রন্থ
ভাষা:Spanish
প্রকাশিত: [San José ], Costa Rica 2016
বিষয়গুলি:
ট্যাগগুলো: ট্যাগ যুক্ত করুন
কোনো ট্যাগ নেই, প্রথমজন হিসাবে ট্যাগ করুন!

MARC

LEADER 00000nam a22000007a 4500
003 012659
005 20230705090926.0
008 170926b2016 cr a|||| |m|| 00| ||spa d
040 |c cru CEDI 
100 |9 518  |a González Solís, Róger Alonso, 1992- 
245 |a Estudio de flujos de potencia con armónicos utilizando espectros típicos para Costa Rica 
260 |a  [San José ], Costa Rica  |c 2016 
300 |a xi, 63[7]hojas ; ilustraciones  
500 |a Proyecto de graduación (bachillerato en ingeniería eléctrica)--Universidad de Costa Rica. Facultad de Ingeniería. Escuela de Ingeniería Eléctrica 
501 |a Profesor Guía de IE-0499 Proyecto Eléctrico: Dr. Gustavo Valverde Mora 
650 |x ANALISIS ARMONICO - SIMULACION POR COMPUTADORA  |x DISTRIBUCION DE ENERGIA ELECTRICA - COSTA RICA   |x SISTEMAS DE ENERGIA FOTOVOLTAICA  |x CIRCUITOS DE TRANSMISION   |x CIRCUITOS ELECTRICOS   |x CORRIENTES ELECTRICAS - PROCESAMIENTO DE DATOS   |x ENERGIA ELECTRICA - CONTROL DE CALIDAD   |x CORRIENTES ELECTRICAS - METODOS ESTADISTICOS   |x ENERGIA ELECTRICA - MEDICIONES - COSTA RICA   |9 9920 
700 |9 725  |a Valverde Mora, Gustavo Adolfo, 1983-  |d Director de Proyecto Eléctrico  
942 |c CEDI  |h TFG 7810  |6 TFG_7810_000000000000000 
999 |c 19010  |d 19010